Технологические расчеты в химической технологии волокнистых материалов: учебное пособие

Xehetasun bibliografikoak
Beste egile batzuk: Беленький Л. И. Людвиг Иосифович (редактор)
Hizkuntza:errusiera
Argitaratua: Москва, Высшая школа, 1985
Edizioa:2-е изд., перераб. и доп.
Gaiak:
Formatua: MixedMaterials Liburua
KOHA link:https://koha.lib.tpu.ru/cgi-bin/koha/opac-detail.pl?biblionumber=129450

MARC

LEADER 00000nam0a2200000 4500
001 129450
005 20231031133317.0
020 |a RU  |b 85-42807 
035 |a (RuTPU)RU\TPU\book\140113 
090 |a 129450 
100 |a 20080124d1985 m a0rusy5003 ca 
101 0 |a rus 
102 |a RU 
105 |a a j 000zy 
200 1 |a Технологические расчеты в химической технологии волокнистых материалов  |e учебное пособие  |g Под ред. Л. И. Беленького 
205 |a 2-е изд., перераб. и доп. 
210 |a Москва  |c Высшая школа  |d 1985 
215 |a 241 с.  |c ил. 
610 1 |a текстильные материалы 
610 1 |a отделка 
610 1 |a расчеты 
610 1 |a учебные пособия 
610 1 |a трикотаж 
610 1 |a волокнистые материалы 
610 1 |a технологические расчеты 
675 |a 677.4  |v 3 
702 1 |a Беленький  |b Л. И.  |g Людвиг Иосифович  |4 340 
801 0 |a RU  |b RuMRKP  |c 19950704  |g psbo 
801 1 |a RU  |b 63413507  |c 20080124  |g PSBO 
801 2 |a RU  |b 63413507  |c 20081016  |g PSBO 
942 |c BK